C# Programming : (Record no. 143154)

MARC details
000 -LEADER
fixed length control field 00597nam a22002057a 4500
005 - DATE AND TIME OF LATEST TRANSACTION
control field 20170808123858.0
010 ## - LCCN (DPL NO)
LC control number ENG-119649
020 ## - INTERNATIONAL STANDARD BOOK NUMBER
International Standard Book Number 9789386551320
Terms of availability 225.00
035 ## - SYSTEM CONTROL NUMBER
System control number EN-103181
037 ## - SOURCE OF ACQUISITION
Source of stock number/acquisition DBAD/PUB
082 ## - DEWEY DECIMAL CLASSIFICATION NUMBER
Classification number 005.133
100 ## - MAIN ENTRY--PERSONAL NAME
Personal name McGrath, Mike
245 ## - TITLE STATEMENT
Title C# Programming :
Remainder of title in easy steps /
Statement of responsibility, etc by Mike McGrath
260 ## - PUBLICATION, DISTRIBUTION, ETC. (IMPRINT)
Place of publication, distribution, etc New Delhi
Name of publisher, distributor, etc BPB Publications
Date of publication, distribution, etc 2017
270 ## - ADDRESS
Address 20, Ansari Road, Darya Ganj,
City New Delhi
Postal code 110002
300 ## - PHYSICAL DESCRIPTION
Extent 192p. :
Other physical details ill.
Dimensions 25cm(pbk)
500 ## - GENERAL NOTE
General note Includes Index
700 ## - ADDED ENTRY--PERSONAL NAME
Personal name Mike McGrath
942 ## - ADDED ENTRY ELEMENTS (KOHA)
Source of classification or shelving scheme Dewey Decimal Classification
Item type English Books
Classification part 005.133
Call number suffix MIK
Holdings
Withdrawn status Lost status Not for loan Collection code Home library Current library Date acquired Source of acquisition Cost, normal purchase price Full call number Barcode Copy number Cost, replacement price Koha item type
      Non-fiction Narela Narela 08/08/2017 DBAD/PUB 225.00 005.133 MIK EN-103181 1 225.00 English Books

© Delhi Public Library
Hit Counter
free hit counter